Statistics for Serie A 2022-2023 Top scorers

Click here to take the quiz!

General Stats

  • This quiz has been taken 56 times
  • The average score is 11 of 12

Answer Stats

GoalsNationalityClubPlayer% Correct
21ArgentinaInter MilanLautaro Martínez
100%
13FranceAC MilanOlivier Giroud
100%
15PortugalAC MilanRafael Leão
100%
26NigeriaNapoliVictor Osimhen
100%
12ArgentinaRomaPaulo Dybala
96%
12ItalyLazioCiro Immobile
94%
12GeorgiaNapoliKhvicha Kvaratskhelia
94%
13NigeriaAtalantaAdemola Lookman
85%
12ItalySassuoloDomenico Berardi
85%
16SenegalSalernitanaBoulaye Dia
81%
13AngolaSpeziaM'Bala Nzola
70%
12ParaguayTorinoAntonio Sanabria
67%

Score Distribution

Percentile by Number Answered

Percent of People with Each Score

Your Score History

You have not taken this quiz